000 00368 a2200157 4500
001 149793
040 _cEscola São Tomás de Aquino
100 _aGÓES, Lúcia Pimentel
240 1 0 _aNa terra das onças
_lpor
245 1 0 _aNa terra das onças
300 _a64
362 0 _a1986
440 1 _aFTD
697 _aFolclore / Adivinhações / Lendas
942 _cBK
999 _c149793
_d149793